[Muñeca de carne] = Baby Doll /

שמור ב:
מידע ביבליוגרפי
מחבר ראשי: Kazan, Elia (realización)
מחברים אחרים: Williams, Tennessee (guión) (guión), Kaufman, Boris (fotógrafo) (fotógrafo), Milford, Gene (montaje) (montaje), Hopkins, Kenyon (música) (música), Malden, Karl (actuación) (actuación), Baker, Carroll (actuación) (actuación), Wallach, Eli (actuación) (actuación)
פורמט: שקופית
שפה:אנגלית
יצא לאור: EUA : Newtown Productions, 1984, c1956
סדרה:(The Elia Kazan Collection: Selected by Martin Scorsese)
נושאים:
תגים: הוספת תג
אין תגיות, היה/י הראשונ/ה לתייג את הרשומה!

MARC

LEADER 00000ngm^a2200000^a^4500
001 000341181
005 20250521000000.0
009 20260310114516.272
037 |a Acervo ITESO - Biblioteca 
041 |a ING 
082 |a 810.  |b KAZ V. 12 
100 |a Kazan, Elia  |e (realización) 
240 1 1 |a [Veintisiete vagones de algodón] 
240 1 1 |a [Veintisiete vagones de algodón. Adaptaciones] 
240 1 5 |a [The Elia Kazan Collection: Selected by Martin Scorsese] 
240 1 1 |a [Muñeca de carne] 
245 1 1 |a [Muñeca de carne] =  |b Baby Doll /  |c Realización de E. Kazan. 
246 2 |a Título en México: Muñeca de carne 
246 2 |a Título en la cubierta: Baby Doll 
264 4 |a EUA :  |b Newtown Productions,  |c 1984, c1956 
264 2 |a Los Angeles, EUA :  |b Twentieth Century Fox [distribución],  |c 2010, c2010 
300 |a 1 DVD región 1 (105 min.) :  |b blanco y negro 
336 |a imagen móvil bidimensional  |b tdi  |2 rdacontenido 
337 |a video  |b v  |2 rdamedio 
338 |a videodisco  |b vd  |2 rdasoporte 
440 5 |a (The Elia Kazan Collection: Selected by Martin Scorsese) 
500 |a Basado en: Veintisiete vagones de algodón, de Tennessee Williams 
546 |a En inglés, con subtítulos opcionales: español, francés, inglés 
586 |a Premio Globo de Oro, de la Asociación de la Prensa Extranjera de Hollywood (14°: 1956): Mejor Dirección (ganador: Elia Kazan) 
586 |a Premio BAFTA, de la Academia Británica de Cine y Televisión (10°: 1956): Mejor Película (finalista) 
649 |a XX 
650 |a Dramas Cinematográficos 
650 |a Cine en Blanco y Negro -  |z EUA 
650 |a Cine Norteamericano -  |y 1950-1959 
650 |a Cine Norteamericano -  |y Siglo XX 
650 |a Teatro Norteamericano -  |x Adaptaciones para Cine 
650 |a Literatura Norteamericana -  |y Siglo XX -  |x Adaptaciones para Cine 
650 |a Literatura y Cine 
650 |a Competencia (Economía) 
650 |a Dependencia Psicológica 
650 |a Autonomía Personal 
650 |a Poder (Ciencias Sociales) 
650 |a Violencia 
650 |a Venganza 
650 |a Cortejo y Seducción 
650 |a Virginidad 
650 |a Infidelidad 
650 |a Matrimonio 
650 |a Relaciones de Pareja 
700 |a Williams, Tennessee  |e (guión) 
700 |a Kaufman, Boris  |e (fotógrafo) 
700 |a Milford, Gene  |e (montaje) 
700 |a Hopkins, Kenyon  |e (música) 
700 |a Malden, Karl  |e (actuación) 
700 |a Baker, Carroll  |e (actuación) 
700 |a Wallach, Eli  |e (actuación) 
910 |a Fondo General 
920 |a Audiovisuales - DVDs 
940 |a Películas 
905 |a 308 
901 |a DVD0008948  |b IT2  |c DVR  |i C137153  |u 20250521 
902 |a https://opac.biblio.iteso.mx/vufind/Record/000341181